000 00344cam a2200133ua 4500
041 _aeng
_h
082 _a894.8121
_bETT/SW
100 _aEttumanur , Somadasan .
245 _aSwarangal swapngal /
_cSomadasan.
_hTextual Documents
260 _aEttumaur :
_bEttumaur somadasan ,
_c1962.
300 _a55 ; .
504 _a
999 _c11656
_d11656